Taking stock : assessing public sector reforms /

Bibliographic Details
Corporate Author: Canadian Centre for Management Development
Other Authors: Peters, B. Guy, Savoie, Donald J., 1947-
Format: Book
Language:English
Published: Montreal ; Kingston : McGill-Queen's University Press, [1998]
Series:Series on governance and public management ; 2.
Subjects:

MARC

Tag First Indicator Second Indicator Subfields
LEADER 00000cam a2200000 a 4500
001 in00001406591
005 20151020072807.0
008 980211s1998 quc b 000 0 eng d
010 |a cn 98900231  
015 |a C98-900231-4 
020 |a 0773517421 (bound) :  |c $65.00 
020 |a 077351743X (pbk.) :  |c $22.95 
035 |a (OCoLC)38753566 
035 |9 AHQ3536AM 
040 |a NLC  |b eng  |c NLC  |d TXA  |d UtOrBLW 
049 |a TXAM 
055 3 |a JF1351  |b T34 1998 
082 0 0 |a 351  |2 21 
090 |a JF1351  |b .T35 1998 
245 0 0 |a Taking stock :  |b assessing public sector reforms /  |c edited by B. Guy Peters and Donald J. Savoie. 
264 1 |a Montreal ;  |a Kingston :  |b McGill-Queen's University Press,  |c [1998] 
264 4 |c ©1998 
300 |a xi, 417 pages ;  |c 24 cm. 
336 |a text  |b txt  |2 rdacontent 
337 |a unmediated  |b n  |2 rdamedia 
338 |a volume  |b nc  |2 rdacarrier 
490 1 |a Canadian Centre for Management Development series on governance and public management ;  |v 2 
500 |a Co-published by Canadian Centre for Management Development. 
504 |a Includes bibliographical references. 
650 0 |a Civil service reform  |x Evaluation. 
650 0 |a Public administration  |x Evaluation. 
650 0 |a Civil service  |x Personnel management  |x Evaluation. 
700 1 |a Peters, B. Guy. 
700 1 |a Savoie, Donald J.,  |d 1947- 
710 2 |a Canadian Centre for Management Development. 
830 0 |a Series on governance and public management ;  |v 2. 
948 |a c:dm 
999 |a MARS 
999 f f |s e30c385e-6a71-3e14-b841-249897b31a8d  |i 6bff9305-e18b-3ef2-9fad-3e83e7ce86b0  |t 0 
952 f f |p ric  |a Texas A&M University  |b Rellis Campus  |c Joint Library Facility  |d Remote Storage  |t 0  |e JF1351 .T35 1998  |h Library of Congress classification  |i unmediated -- volume  |m A14823326155 
998 f f |a JF1351 .T35 1998  |t 0  |l Remote Storage